Flags of Separatist Movements in Syria - Statistics

General Stats
  • This quiz has been taken 20 times
  • The average score is 2 of 6
Answer Stats
Picture Hint Answer % Correct
Autonomy established by Kurds in 2014 Rojava
85%
First nation to adapt Christianity Aram
38%
Home to an Arabic-speaking ethnoreligious group Jabal Druze
38%
Homeland of the former dictator Alawite State
23%
Aleppo and Idlib Governorates Jabal Türkmen
23%
Goal for the new Sunni government Sham
23%
No matching quizzes found
Score Distribution
Percent of People with Each Score
Percentile by Number Answered
Your Score History
You have not taken this quiz